• 首页
  • 本馆介绍
  • 公告通知
  • 最新文献
  • 馆藏检索
  • 电子资源
  • 读者导购
  • 参考咨询
  • 我的图书馆
  • 登录
  • 详细信息显示
  • 放入我的书架
  • 预约/预借图书
  • 作者相关作品
  • 分类相关作品
  • 丛书相关作品
  • 出版社相关作品

书目信息

  • 表格格式
  • 工作单格式
  • 卡片格式
题名:
稳定同位素地球化学分析
    
 
作者: 郑斯成 , 莫志超 , 郑淑蕙 著
分册:  
出版信息: 北京   北京大学出版社  1986
页数: 486页
开本: 20cm
丛书名:
单 册:
中图分类: O653
科图分类:
主题词: 同位素地质学-稳定同位素-地球化学分析 , 地球化学分析-稳定同位素-同位素地质学 , 分析化学 , 分析(化学) , 稳定同位素-同位素地质学-地球化学分析
电子资源:
ISBN:
000 00912nam0 2200301 45
001 0186010643
005 20060515163611.31
010    @dCNY3.80
091    @a133209.127
100    @a19900818d1986 emky0chiy0121 ea
101 0  @achi
102    @aCN@b110000
105    @ay z 000yy
200 10 @a稳定同位素地球化学分析@Awen ding tong wei su di qiu hua xue fen xi@f郑淑蕙等著@Fzheng shu hui deng zhu
210    @a北京@c北京大学出版社@d1986
215    @a486页@d20cm
606    @a同位素地质学-稳定同位素-地球化学分析
606    @a地球化学分析-稳定同位素-同位素地质学
606 0  @a分析化学
606 0  @a分析(化学)
606    @a稳定同位素-同位素地质学-地球化学分析
690    @aO653@v4
701  0 @a郑斯成@Azheng si cheng@4著
701  0 @a莫志超@Amo zhi chao@4著
701  0 @a郑淑蕙@Azheng shu hui@4著
801  2 @aCN@bNLC@c20060515
801  0 @aCN@b深圳图书馆@c20040705
905    @dO653@e21
    
    稳定同位素地球化学分析/郑淑蕙等著.-北京:北京大学出版社,1986
    486页;20cm
    
    
    ISBN :CNY3.80
    
●
相关链接 在E读中查询图书 在五车中查询图书 在当当中查询图书 在豆瓣中查询图书


正题名:稳定同位素地球化学分析     索取号:O653/21         预约/预借

序号 登录号 条形码 馆藏地/架位号 状态 备注
1 0166416   001940430   第三借阅区/ [索取号:O653/21] 在馆    
2 0166417   000698347   密集书库/ [索取号:O653/21] 在馆    
3 0166418   000632827   第二样本阅览室/ [索取号:O653/21] 在馆    
唐山师范学院图书馆 欢迎您!
大连网信软件有限公司© 版权所有